| 000 | 01467cam a22003494a 4500 | ||
|---|---|---|---|
| 999 |
_c9752 _d9752 |
||
| 001 | 12582239 | ||
| 003 | OSt | ||
| 005 | 20210204120622.0 | ||
| 008 | 011106s2002 miu b 001 0 eng | ||
| 010 | _a 2001006899 | ||
| 020 | _a0310231949 (Hardcover : alk. paper) | ||
| 020 |
_z9780310873419 _qebook |
||
| 040 |
_aDLC _cDLC _dDLC |
||
| 042 | _apcc | ||
| 050 | 0 | 0 |
_aBX8635.3 _b.N49 2002 |
| 082 | 0 | 0 |
_a289.3 _221 |
| 245 | 0 | 4 |
_aThe new Mormon challenge : _bresponding to the latest defenses of a fast-growing movement / _cFrancis J. Beckwith, Carl Mosser, Paul Owen, general editors. |
| 260 |
_aGrand Rapids, Mich. : _bZondervan, _cc2002. |
||
| 300 |
_a535 p. ; _c24 cm. |
||
| 504 | _aIncludes bibliographical references (p. 401-506) and indexes. | ||
| 610 | 2 | 0 | _aChurch of Jesus Christ of Latter-day Saints. |
| 610 | 2 | 0 |
_aChurch of Jesus Christ of Latter-day Saints _xDoctrines. |
| 700 | 1 | _aBeckwith, Francis. | |
| 700 | 1 |
_aMosser, Carl, _d1972- |
|
| 700 | 1 |
_aOwen, Paul, _d1970- |
|
| 856 | 4 | 2 |
_3Publisher description _uhttp://www.loc.gov/catdir/enhancements/fy0633/2001006899-d.html |
| 856 | 4 | 1 |
_3Table of contents only _uhttp://www.loc.gov/catdir/enhancements/fy0633/2001006899-t.html |
| 856 | 4 | 1 |
_3Sample text _uhttp://www.loc.gov/catdir/enhancements/fy0642/2001006899-s.html |
| 906 |
_a7 _bcbc _corignew _d1 _eecip _f20 _gy-gencatlg |
||
| 942 |
_2ddc _cBK |
||